000 00604cam a22001337a 4500
008 180718b1992 xxu||||| |||| 00| 0 eng d
082 _aT19x5 Un3/1990
245 _aChallenges and opportunities of restructuring the developing ESCAP economies in the 1990s, with special reference to regional economic cooperation
_cby Economic and Social Commission for Asia and Pacific, United Nations
260 _aBangkok
_bUNESCAP
_c1992
300 _a88p.
440 _aDevelopment papers No. 12
650 _aEconomic Conditions - Asia
700 _aUnited Nations. Economic and Socila Commission for Asia and Pacific
999 _c475594
_d475594